LDR 00712naa#a2200193#i#450# 001 EN\\bibl\121211 005 20260513095024.3 011 ## _a2409-1073 100 ## _a20141225b2014####ek#y0engy0150####ca 101 0# _aRUS 102 ## _aRU 200 1# _aOn Interrelation between the Qualities of Personnel and the Activities on Knowledge-Intensive Enterprises _eJournal article 210 1# _aMoscow _cNational Research University of Electronic Technology _d2014 215 ## _a5 с. 608 ## _aJournal article _2local 675 ## _aУправление предприятиями. Организация и техника торговли. 658 _zRUS 700 #1 _aArtamonova _gA O 700 #1 _aTimofeev _gI P 856 4# _aesgi-journal.ru _u